| 000 | 00533nam a22001817a 4500 | ||
|---|---|---|---|
| 999 |
_c4574 _d4574 |
||
| 003 | GBCCL | ||
| 005 | 20241126110521.0 | ||
| 008 | 180124b xxu||||| |||| 00| 0 eng d | ||
| 040 | _cgbc | ||
| 082 |
_a227.1007 _bMAC |
||
| 100 |
_aMacArthur, John _98028 |
||
| 245 |
_aThe Truth About Tongues: _b1 Corinthians 13:8-14:40 / _cJohn MacArthur |
||
| 260 |
_aPanorama: _bWord of Grace Communications, _c1984 |
||
| 300 |
_a134 p.; _c23 cm. |
||
| 440 |
_aStudy Notes _98454 |
||
| 650 |
_aBible _vN.T. _vCorinthians _xStudy _98457 |
||
| 942 |
_2ddc _cBK |
||